| 000 | 01227nam0a22002771 4500 | ||
|---|---|---|---|
| 001 | rc\4650763 | ||
| 005 | 20130416202240.2 | ||
| 021 |
_aRU _b[57-22919] |
||
| 035 | _a(NLR Aleph) 008691314 | ||
| 090 |
_a9240617 _c9240617 |
||
| 100 | _a20130416d1957 |||y0rusy50 ca | ||
| 101 | 0 | _arus | |
| 102 | _aRU | ||
| 105 | _aa z ||||| | ||
| 200 | 1 |
_aВыращивание помидоров, перца и баклажанов безрассадным способом _eИз опыта совхоза № 3 Джанкойского района _fКрымское обл. упр. сельского хозяйства. Отд. с.-х. науки |
|
| 210 |
_aСимферополь _cКрымиздат _d1957 |
||
| 215 |
_a14 с. _cил. _d17 |
||
| 606 |
_aПерец _xВозделывание _yКрымская область _2psbo |
||
| 606 |
_aБаклажаны _xВозделывание _yКрымская область _2psbo |
||
| 606 |
_aТоматы _xВозделывание _yКрымская область _2psbo |
||
| 700 | 1 |
_aСолтановская _bГ. А. _gГалина Александровна |
|
| 801 | 0 |
_aRU _bNLR _gpsbo |
|
| 801 | 1 |
_aRU _bELAR _2rusmarc |
|
| 852 |
_aNLR _j57-2/847 |
||
| 942 | _cBOOK | ||
| 980 | _aNB | ||